Teoría de flujos canalizados /
Guardado en:
| Autor Principal: | |
|---|---|
| Autor Corporativo: | |
| Formato: | Libro |
| Idioma: | Spanish |
| Publicado: |
San Juan, Argentina :
Universidad Nacional de San Juan, Facultad de Filosofía, Humanidades y Artes,
1993.
|
| Materias: | |
| Etiquetas: |
Agregar Etiqueta
Sin Etiquetas, Sea el primero en etiquetar este registro!
|
| LEADER | 00759cam a2200193 a 4500 | ||
|---|---|---|---|
| 001 | MAT.inmabb004185 | ||
| 008 | 971024s1993####ag#a#####b####000#0#spa## | ||
| 005 | 20170621122420.0 | ||
| 245 | 1 | 0 | |a Teoría de flujos canalizados / |c Raúl Chiappa. |
| 260 | |a San Juan, Argentina : |b Universidad Nacional de San Juan, Facultad de Filosofía, Humanidades y Artes, |c 1993. | ||
| 300 | |a 116 p. : |b il. ; |c 30 cm. | ||
| 504 | |a Incluye referencias bibliográficas (p. 110-116). | ||
| 100 | 1 | |a Chiappa, Raúl A. | |
| 710 | 2 | |a Universidad Nacional de San Juan (Argentina). |b Facultad de Filosofía, Humanidades y Artes. | |
| 650 | 0 | |a Network analysis (Planning) | |
| 650 | 0 | |a Linear programming. | |
| 010 | |a 97208190 | ||
| 040 | |a DLC |c DLC | ||
| 859 | |h 05 |i C532t |p A-7016 |b BIB. MATEMATICA | ||
